Entre la ausencia y el acoso: apuntes bibliográficos sobre jóvenes pobladores, vida cotidiana y estado en Chile Hoy

Gardado en:
Detalles Bibliográficos
Autor Principal: Weinstein, José (Author)
Formato: Libro
Idioma:Lingua castelá
Publicado: Santiago CPU 1990
Series:Documento de trabajo, 22-90
Subjects:
Tags: Engadir etiqueta
Sen Etiquetas, Sexa o primeiro en etiquetar este rexistro!

MARC

LEADER 00000nam a2200000 a 4500
001 UCY4219
003 CL-VaPUC
008 950303e19900000CL |||||||||||||||||spa|d
082 0 4 |a 362.7  |b WEI  |2 21 
100 0 |a Weinstein, José  |e author  |9 332627 
245 1 0 |a Entre la ausencia y el acoso: apuntes bibliográficos sobre jóvenes pobladores, vida cotidiana y estado en Chile Hoy 
300 |a 22 h 
942 |c BK 
945 |d 19950303 00:00:00  |a rbrito 
260 |a Santiago  |b CPU  |c 1990 
650 0 |a Trabajo social   |9 307856 
650 0 |a Juventud  |9 271073 
650 0 |a Problemas sociales  |9 258537 
651 7 |a CHILE  |2 CL-VaPUC  |9 332628 
583 |a last modification  |c 19950303 00:00:00  |k Rodrigo Vera 
490 0 |a Documento de trabajo, 22-90 
999 |c 232140  |d 232138 
952 |0 0  |1 0  |4 0  |6 362_700000000000000_WEI_1990  |7 0  |8 P  |9 236222  |a BIBEDU  |b BIBEDU  |c BIBEDU_PB  |d 2019-11-15  |i 303741K  |o 362.7 WEI 1990  |p 303741K  |r 2024-01-25  |w 2019-11-15  |y BK  |k EDU 
952 |0 0  |1 0  |4 0  |6 362_700000000000000_WEI_1990  |7 0  |8 P  |9 236223  |a BIBEDU  |b BIBEDU  |c BIBEDU_PB  |d 2019-11-15  |i 3620042  |o 362.7 WEI 1990  |p 3620042  |r 2024-01-25  |w 2019-11-15  |y BK  |k BME